Educació i sociologia / Émile Durkheim , pròleg d'Oriol Homs i Ferret ; traducció de Jordi Curell i Guerra

por Durkheim, Émile

Descripción Física: XXX, 113 p. ; 20 cm

MARC

LEADER 00000nam a2200000Ia 4500
001 9547
008 160829s1991 xx 000 0 cat d
080 |a E-1-144 
100 |a Durkheim, Émile  |9 27641 
245 |a Educació i sociologia / Émile Durkheim , pròleg d'Oriol Homs i Ferret ; traducció de Jordi Curell i Guerra 
260 |a Vic :  |b Eumo ; Barcelona :  |b Diputació de Barcelona,  |c 1991 
300 |a XXX, 113 p. ;  |c 20 cm 
490 |a Textos pedagògics ; 27 
650 |a Pedagogia   |9 35391 
650 |a Sociologia de l'educació  |9 36099 
700 1 |a Homs i Ferret, Oriol  |9 60838 
700 |a Curell i Guerra, Jordi, tr.   |9 36101 
710 1 |a Barcelona (Catalunya : Província).  |b Diputació  |9 52408 
901 |a Arxiu 
942 |n 1 
952 |0 0  |1 0  |4 0  |6 E1144  |7 1  |9 47175  |a Arxiu  |b Arxiu  |d 2016-12-01  |l 0  |o E-1-144  |p 9547  |r 2016-12-01 00:00:00  |w 2016-12-01  |y ARXIU 
999 |c 50972  |d 50972